Comment les entreprises s'adaptent (Record n. 79421)
[ formato base ]
| 000 -LEADER | |
|---|---|
| fixed length control field | 00969nam a2200289Ia 4500 |
| 001 - CONTROL NUMBER | |
| control field | G3954 |
| 003 - CONTROL NUMBER IDENTIFIER | |
| control field | IT-RoPAU |
| 008 - FIXED-LENGTH DATA ELEMENTS--GENERAL INFORMATION | |
| fixed length control field | 130308s9999 xx 000 0 und d |
| 040 ## - CATALOGING SOURCE | |
| Original cataloging agency | IT-RoPAU |
| 040 ## - CATALOGING SOURCE | |
| Transcribing agency | IT-RoPAU |
| 041 ## - LANGUAGE CODE | |
| Language code of text/sound track or separate title | FRANCESE |
| 100 ## - MAIN ENTRY--PERSONAL NAME | |
| Personal name | Guillaume Marc |
| 100 ## - MAIN ENTRY--PERSONAL NAME | |
| Miscellaneous information | Codice Aut. SPICS: 5686 |
| 245 ## - TITLE STATEMENT | |
| Title | Comment les entreprises s'adaptent |
| 245 ## - TITLE STATEMENT | |
| Remainder of title | Communication (La). Etat des Savoirs |
| 250 ## - EDITION STATEMENT | |
| Edition statement | 1a ed. |
| 260 ## - PUBLICATION, DISTRIBUTION, ETC. (IMPRINT) | |
| Place of publication, distribution, etc. | AUXERRE |
| 260 ## - PUBLICATION, DISTRIBUTION, ETC. (IMPRINT) | |
| Name of publisher, distributor, etc. | Sciences Humaines |
| 260 ## - PUBLICATION, DISTRIBUTION, ETC. (IMPRINT) | |
| Date of publication, distribution, etc. | 1999 [1° Ed.:1999 - Ed.Ling.Originale:1999] |
| 300 ## - PHYSICAL DESCRIPTION | |
| Extent | "6 p. (prefazione: no ; testo: 6 [pagine: 421-426])" |
| 500 ## - GENERAL NOTE | |
| General note | Come le imprese si Adattano Alle nuove tecnologie dell'Informazione. Progresso delle Tecniche Reali. importanza delle Reti. rischio della Pletora Informativa. Adattarsi per Non Scomparire. |
| 650 ## - SUBJECT ADDED ENTRY--TOPICAL TERM | |
| Topical term or geographic name as entry element | ENCICLOPEDIE DELLA COMUNICAZIONE SOCIALE |
| 650 ## - SUBJECT ADDED ENTRY--TOPICAL TERM | |
| Relator term | Codice materia Spics: 3801 |
| 942 ## - ADDED ENTRY ELEMENTS (KOHA) | |
| Koha item type | LIBRO |
| 957 ## - | |
| -- | 1 |
| 999 ## - SYSTEM CONTROL NUMBERS (KOHA) | |
| -- | 1 |
| Withdrawn status | Lost status | Damaged status | Not for loan | Home library | Current library | Date acquired | Total Checkouts | Full call number | Date last seen | Price effective from | Koha item type | Public note |
|---|---|---|---|---|---|---|---|---|---|---|---|---|
| Buone Condizioni | Not For Loan | SPICS-MEDIATECA | SPICS-MEDIATECA | 08/03/2013 | G3954 | 08/03/2013 | 08/03/2013 | LIBRO | Progressivo inserimento: 10926 / N. Volumi: 0 [=Contributo] Copie: 1 / data import: 1 marzo 2013 - By Epidotti, Trombetti, Vaglietti. |